WWE - Talk Show Segments - Statistics

General Stats
  • This quiz has been taken 512 times
    106 since last reset
  • The average score is 11 of 27
Answer Stats
Wrestler(s) Talk Show % Correct
Kevin Owens The Kevin Owens Show
78%
The Miz Miz TV
77%
Roddy Piper Piper's Pit
71%
Chris Jericho The Highlight Reel
58%
Christian The Peep Show
53%
Brutus Beefcake The Barber Shop
52%
Jerry Lawler The King's Court
52%
Grayson Waller The Grayson Waller Effect
51%
Alexa Bliss A Moment of Bliss
49%
Bayley Ding Dong! Hello
45%
Dean Ambrose The Ambrose Asylum
45%
Jake Roberts The Snake Pit
45%
Edge The Cutting Edge
42%
Carlito Carlito's Cabana
40%
John Morrison & The Miz The Dirt Sheet
36%
Shawn Michaels The Heartbreak Hotel
35%
MVP The VIP Lounge
34%
Paul Bearer The Funeral Parlor
32%
Brother Love The Brother Love Show
26%
Dude Love The Love Shack
26%
Matt Striker Striker's Classroom
23%
Adrian Adonis The Flower Shop
21%
Abraham Washington The Abraham Washington Show
16%
Happy Corbin Happy Talk
13%
Sami Zayn & Kevin Owens The Sami & Kevin Show
13%
Rene Dupree Cafe de Rene
12%
Seth Rollins The Rollins Report
10%
No matching quizzes found
Score Distribution
Percent of People with Each Score
Percentile by Number Answered
Your Score History
You have not taken this quiz since the last reset